00355 a2200145 4500003000400000005001700004008004100021020001800062040000900080082001500089100001400104245004500118260003600163300001000199OSt20231106125437.0231106b |||||||| |||| 00| 0 eng d a9789384355135 coclc a297bKUT/Q aKuthub, M aQuraninte charithra bhoomika /cM Kuthub aKerala:bVachanam books,c2015. a160 p